Girls Names that start with P - Statistics

General Stats
  • This quiz has been taken 459 times
  • The average score is 9 of 20
Answer Stats
Answer % Correct
Penelope
86%
Patricia
85%
Paula
77%
Pamela
75%
Polly
63%
Pauline
58%
Paige
52%
Pandora
48%
Peyton
36%
Piper
36%
Petra
32%
Pia
30%
Phyllis
29%
Princess
29%
Paris
28%
Pearl
28%
Petunia
28%
Presley
24%
Portia
19%
Peri
10%
No matching quizzes found
Score Distribution
Percent of People with Each Score
Percentile by Number Answered
Your Score History
You have not taken this quiz